000 00520nam a2200181Ia 4500
005 20250326124729.0
008 250326s9999 xx 000 0 und d
037 _aTextbook
040 _aFMSL
_beng
_cFMSL
041 _aeng
_2eng
084 _aX:89A M0;M2
_qFMSL
100 _aMoore F G
_9345747
245 0 _aProduction/ operations management
_cMoore F G; Hendrick T E
260 _aBombay
_bBombay, Richard D Irwin
_c1982
300 _a762p
942 _cTB
_hX:89A M0;M2
999 _c1274954
_d1274954